Skład Polski w meczu Polska 2-0 Niemcy (2014) - Statystyki

Ogólne statystyki
  • Ten quiz został rozwiązany 418 razy
  • Średni wynik to 8 z 11
Statystyki odpowiedzi
pozycja zawodnik % Poprawnych
napastnik Robert Lewandowski
97%
bramkarz Wojciech Szczęsny
97%
obrońca Kamil Glik
95%
napastnik Arkadiusz Milik
93%
obrońca Łukasz Piszczek
89%
pomocnik Grzegorz Krychowiak
85%
pomocnik Kamil Grosicki
78%
obrońca Jakub Wawrzyniak
59%
obrońca Łukasz Szukała
57%
pomocnik Maciej Rybus
53%
pomocnik Tomasz Jodłowiec
44%
Nie znaleziono quizów pasujących do podanych kryteriów
Rozkład punktacji
Procent ludzi z każdym wynikiem
Percentyl według liczby udzielonych odpowiedzi
Twoja historia wyników
Nie rozwiązałeś tego quizu